[Event "IECC CL3-2020.03 email"]
[Site "IECC email"]
[Date "2020.11.10"]
[Round "?"]
[White "Cook, Phil"]
[Black "Kinna, Michael"]
[Result "1-0"]
[WhiteElo "1797"]
[BlackElo "1940"]
[PlyCount "83"]
[EventDate "2020.??.??"]
[EventType "tourn (corr)"]
[EventRounds "4"]
[SourceTitle "Corr 2024"]
[Source "ChessBase"]
[SourceDate "2023.10.19"]
[SourceVersion "1"]
[SourceVersionDate "2023.10.19"]
[SourceQuality "1"]
[WhiteTeam "Neuseeland"]
[BlackTeam "Australien"]
[WhiteTeamCountry "NZL"]
[BlackTeamCountry "AUS"]

1. e4 c5 2. Nf3 d6 3. d4 Nf6 4. Nc3 cxd4 5. Nxd4 a6 6. Be3 e5 7. Nb3 Be6 8. f3 Be7 9. Qd2 0-0 10. 0-0-0 Nbd7 11. g4 b5 12. g5 Nh5 13. Nd5 Bxd5 14. exd5 f5 15. Rg1 f4 16. Bf2 Bxg5 17. Bh3 Be7 18. Na5 Ndf6 19. Nc6 Qe8 20. Qa5 Bd8 21. Qa3 Bc7 22. Nxe5 dxe5 23. d6 Qc6 24. dxc7 Qxc7 25. Rd6 Rfd8 26. Rxd8+ Qxd8 27. Qc5 Qb8 28. Rg5 Qb7 29. Rxh5 Nxh5 30. Be6+ Kh8 31. Bd5 Qc8 32. Bxa8 Qxa8 33. Qxe5 Nf6 34. Qxf4 h6 35. Bd4 Qc6 36. Bxf6 Qxf6 37. Qxf6 gxf6 38. Kd2 Kg7 39. Ke3 Kg6 40. Kf4 f5 41. Ke5 Kg5 42. b4 1-0

[Event "IECC CL3-2020.03 email"]
[Site "IECC email"]
[Date "2020.11.03"]
[Round "?"]
[White "Bertel, Michael"]
[Black "Cook, Phil"]
[Result "0-1"]
[WhiteElo "1882"]
[BlackElo "1851"]
[PlyCount "138"]
[EventDate "2020.??.??"]
[EventType "tourn (corr)"]
[EventRounds "4"]
[SourceTitle "Corr 2024"]
[Source "ChessBase"]
[SourceDate "2023.10.19"]
[SourceVersion "1"]
[SourceVersionDate "2023.10.19"]
[SourceQuality "1"]
[WhiteTeam "Vereinigte Staaten"]
[BlackTeam "Neuseeland"]
[WhiteTeamCountry "USA"]
[BlackTeamCountry "NZL"]

1. e4 c5 2. Nf3 d6 3. Nc3 Nf6 4. Bc4 e6 5. d4 cxd4 6. Qxd4 Nc6 7. Qd3 Be7 8. 0-0 0-0 9. Bf4 a6 10. Rad1 Qa5 11. a4 Rd8 12. Qe2 Qb4 13. Bb3 Bd7 14. Bd2 Qb6 15. Be3 Qc7 16. Nd4 Rac8 17. g4 Nxd4 18. Rxd4 h6 19. f4 d5 20. e5 Ne4 21. Nxe4 dxe4 22. Rfd1 Bc5 23. R4d2 Be8 24. Rxd8 Rxd8 25. Rxd8 Bxe3+ 26. Qxe3 Qxd8 27. c4 Qa5 28. Qc3 Qb6+ 29. c5 Qc6 30. Qd4 b6 31. cxb6 Qc1+ 32. Bd1 Bc6 33. b4 Bd5 34. Kf2 Qxf4+ 35. Ke1 Qc1 36. Qc5 Qf4 37. Qd4 g5 38. a5 Kg7 39. Be2 Qc1+ 40. Kf2 Bb7 41. h3 Qa3 42. Ke1 e3 43. Kd1 Bc6 44. Bxa6 Bf3+ 45. Kc2 Qa2+ 46. Qb2 Qa4+ 47. Kc3 Qd1 48. b7 Bxb7 49. Be2 Qd5 50. Bd3 Bc6 51. Bc4 Qxe5+ 52. Kb3 Qxb2+ 53. Kxb2 Bd5 54. Bd3 Kf6 55. b5 Ke5 56. b6 f5 57. a6 Kd6 58. Kc2 f4 59. Bb5 Bc6 60. Bd3 f3 61. Bc4 Be4+ 62. Kd1 Kc6 63. b7 Kc7 64. Ke1 Bc6 65. Kf1 e5 66. Ke1 Kb8 67. Be2 fxe2 68. Kxe2 Bg2 69. Kxe3 Bxh3 0-1

[Event "IECC CL4-2019.02 email"]
[Site "IECC email"]
[Date "2019.09.10"]
[Round "?"]
[White "Cook, Phil"]
[Black "Keiper, Archie"]
[Result "1-0"]
[WhiteElo "1725"]
[BlackElo "1719"]
[PlyCount "49"]
[EventDate "2019.??.??"]
[EventType "tourn (corr)"]
[EventRounds "4"]
[SourceTitle "Corr 2024"]
[Source "ChessBase"]
[SourceDate "2023.10.19"]
[SourceVersion "1"]
[SourceVersionDate "2023.10.19"]
[SourceQuality "1"]
[WhiteTeam "Neuseeland"]
[BlackTeam "Vereinigte Staaten"]
[WhiteTeamCountry "NZL"]
[BlackTeamCountry "USA"]

1. e4 d5 2. exd5 Nf6 3. Nf3 Nxd5 4. d4 g6 5. c4 Nb6 6. Nc3 Bg4 7. c5 Nd5 8. Qb3 Nxc3 9. bxc3 Bxf3 10. gxf3 Bg7 11. Bc4 0-0 12. Qxb7 Nd7 13. 0-0 Rb8 14. Qc6 e5 15. Be3 exd4 16. cxd4 Rb4 17. Rac1 Nb8 18. Qe4 Re8 19. Qf4 Re7 20. d5 Nd7 21. d6 cxd6 22. Bxf7+ Rxf7 23. Qxb4 Ne5 24. c6 d5 25. Bf4 1-0